000 00322nam a22001337a 4500
008 180109b xxu||||| |||| 00| 0 eng d
020 _a0891188282
041 _aeng
080 _a574
100 _a9
101 _aMJE
245 _aAQUIC CONDITIONS AND HYDRIC SOILS: THE PROBLEM SOILS
_cVEPRASKAS,M,J
942 _2udc
_cBK
999 _c39919
_d39919